01179nam a22002417a 450000500170000000800410001702000180005804000070007604100080008308200200009110000210011124500550013226000380018730000260022536500660025152105350031765000110085265000160086365000080087965000150088765000130090270000220091520230805112304.0230805b ||||| |||| 00| 0 eng d a9789391218270 cAL aeng 223a181.4bSARP aSundar Sarukkari aPhilosophy for Children:bThinking Reading Writing aNew DelhibJugnoo Prakashanc2021 avi,72p.bPBc21x21cm. 2Political Sciencea3174b220.00c₹d275.00e20%f01-08-2023 aSundar Sarukkai finds philosophy and philosophical thinking in our everyday life. With him, you can look at a chair philosophically. Oh yes, even a chair! You just need to train your eyes and think... It all begins with seeing and adds to our thinking, reading, writing, and even being ourselves. A book that will stay with you forever and a book you would take to the future! Priya Kuriyan's illustrations make the book a visual treat. The life of the characters she has created for the book would enrich your reading experience. aSeeing aMathematics aArt aBeing Good aLearning aSARUKKAI (Sundar)